000 00348nam a2200133Ia 4500
008 231129s1982||||xx |||||||||||||| ||spa||
020 _a84-372-1534-X
040 _bspa
082 _a(i) 808.068543 D722
245 0 _aDos cuentos de principes
260 _c1982
264 _aEdiciones Altea
942 _2ddc
_cBKS
999 _c9802
_d9802